El tamaño de las empresas en Andalucía y su comparación con el resto del país / (Record no. 182746)

MARC details
000 -LEADER
campo de control de longitud fija 00747nam a2200181 i 4500
001 - NÚMERO DE CONTROL
campo de control 182746
003 - IDENTIFICADOR DE NÚMERO DE CONTROL
campo de control ES-MaACL
005 - FECHA Y HORA DE LA ÚLTIMA TRANSACCIÓN
campo de control 20250902062856.0
008 - DATOS DE LONGITUD FIJA--INFORMACIÓN GENERAL
campo de control de longitud fija 131022s1980 sp |||| | spa d
100 0# - ENTRADA PRINCIPAL--NOMBRE DE PERSONA
Nombre de persona Rull Sabater, Alberto.
9 (RLIN) 100979
245 13 - MENCIÓN DEL TÍTULO
Título El tamaño de las empresas en Andalucía y su comparación con el resto del país /
Mención de responsabilidad, etc. por Alberto Rull Sabater.
260 ## - PUBLICACIÓN, DISTRIBUCIÓN, ETC.
Lugar de publicación, distribución, etc. Madrid :
Nombre del editor, distribuidor, etc. Consejo Superior de Investigaciones Científicas, Instituto de Sociología "Jaime Balmes",
Fecha de publicación, distribución, etc. 1980.
300 ## - DESCRIPCIÓN FÍSICA
Extensión P-[75]-97 ;
Dimensiones 24 cm.
595 ## -
-- Separata de la Revista Internacional de Sociología, Segunda época, enero-marzo 1980, nº 33.
650 04 - PUNTO DE ACCESO ADICIONAL DE MATERIA--TÉRMINO DE MATERIA
Término de materia o nombre geográfico como elemento de entrada Empresas-
Subdivisión geográfica España
9 (RLIN) 12218
852 ## - LOCALIZACIÓN
Ubicación ES-MaACL
Número de control de estantería 2327-F-18
Holdings
Estatus retirado Estado de pérdida Estado de daño No para préstamo Colección Biblioteca de origen Biblioteca actual Ubicación en estantería Fecha de adquisición Fuente de adquisición Total de préstamos Signatura topográfica completa Código de barras Visto por última vez Precio de reemplazo Tipo de ítem Koha
        Colección de folletos Biblioteca del Ateneo de Madrid Biblioteca del Ateneo de Madrid Depósito folletos 22/10/2013     2327-F-18 1192059 23/02/2023 23/02/2023 Folleto